2010 UK industry performance report based on the UK construction industry key performance indicators KPI (Record no. 111805)

MARC details
000 -LEADER
fixed length control field 00984cad a22002055a 4500
001 - CONTROL NUMBER
control field L152033
008 - FIXED-LENGTH DATA ELEMENTS--GENERAL INFORMATION
fixed length control field 110607s2010 xxk f 000 0 eng d
035 ## - SYSTEM CONTROL NUMBER
System control number (Sirsi) u152033
041 0# - LANGUAGE CODE
Language code of text/sound track or separate title eng
110 2# - MAIN ENTRY--CORPORATE NAME
Corporate name or jurisdiction name as entry element Constructing Excellence in the Built Environment
9 (RLIN) 4925
245 00 - TITLE STATEMENT
Title 2010 UK industry performance report based on the UK construction industry key performance indicators KPI
Medium [electronic resource]
250 ## - EDITION STATEMENT
Edition statement 12th ed.
260 ## - PUBLICATION, DISTRIBUTION, ETC.
Place of publication, distribution, etc. 2010
520 ## - SUMMARY, ETC.
Summary, etc. Key performance indicators or KPI based on data from thousands of construction projects collated from government and industry surveys; enables individual firms to benchmark their performance with other firms; data covers 1999-2010.
590 ## - LOCAL NOTE (RLIN)
Local note KA NTK
651 #4 - SUBJECT ADDED ENTRY--GEOGRAPHIC NAME
Geographic name United Kingdom
Chronological subdivision
690 ## - LOCAL SUBJECT ADDED ENTRY--TOPICAL TERM (OCLC, RLIN)
Topical term or geographic name as entry element BUILT ENVIRONMENT-CONSTRUCTION MANAGEMENT
856 40 - ELECTRONIC LOCATION AND ACCESS
Uniform Resource Identifier <a href="https://www.constructingexcellence.org.uk/news/pdf_news_articles/KPIv6.pdf">https://www.constructingexcellence.org.uk/news/pdf_news_articles/KPIv6.pdf</a>
Public note View this item free of charge at www.constructingexcellence.org.uk
942 ## - ADDED ENTRY ELEMENTS (KOHA)
Suppress in OPAC 0
Holdings
Withdrawn status Lost status Source of classification or shelving scheme Damaged status Not for loan Home library Current library Shelving location Date acquired Total Checkouts Full call number Barcode Date last seen Copy number Price effective from Koha item type
    Dewey Decimal Classification     Virtual Virtual Online 27/01/2011   ONLINE PUBLICATION 152033-1001 06/08/2019 1 06/08/2019 Book